| 000 | 00619cam a22002291 4500 | ||
|---|---|---|---|
| 001 | ne 68003345 | ||
| 003 | DLC | ||
| 005 | 20260227111846.0 | ||
| 008 | 890318s1954 xx 000 0 per | ||
| 010 | _ane 68003345 | ||
| 035 | _a(OCoLC)23563148 | ||
| 040 |
_aDLC _cMiU _dDLC |
||
| 042 | _apremarc | ||
| 050 | 0 | 0 |
_aJX638 _b.I65 1954 |
| 100 | 1 | _aYazdānpanāh, ʻIzzat Allāh. | |
| 245 | 1 | 0 | _aNaft-i Īrān va marājiʻ-i bayn al-milalī. |
| 260 | _c[1954] | ||
| 300 |
_a151, [2] p. _c22 cm. |
||
| 500 | _aRomanized. | ||
| 650 | 0 | _aAnglo-Iranian Oil Dispute, 1951-1954. | |
| 710 | 1 |
_aIran. _kLaws, statutes, etc. |
|
| 999 |
_c50758 _d50758 |
||